| 000 | 00403nam a22001697a 4500 | ||
|---|---|---|---|
| 003 | OSt | ||
| 005 | 20220208085112.0 | ||
| 008 | 220208b |||||||| |||| 00| 0 eng d | ||
| 020 | _a139780070620032 | ||
| 040 | _cHU | ||
| 082 | _a658.4038 | ||
| 100 |
_aOBrien.James A, _926254 |
||
| 245 | _aMANAGEMENT informetion Sysems | ||
| 260 |
_aLONDON _bNEWDELHI _c2006 |
||
| 300 | _a617 | ||
| 942 |
_2ddc _cBOOKS _n0 |
||
| 999 |
_c29448 _d29448 |
||